Effecient removal of various dyes from aqueous solutions by photocatalysis processes over modified titanium dioxide Nanostructures : Doctoral Thesics- Major: Chemical and Material Engineering

Guardat en:
Dades bibliogràfiques
Autor principal: Nguyễn, Chí Hiếu
Format: Luận văn
Idioma:Undetermined
Publicat: Chang Gung University 2020
Matèries:
Accés en línia:https://opac.iuh.edu.vn/TraCuuTaiLieuSo2XemChiTiet.aspx?Id=109905
Etiquetes: Afegir etiqueta
Sense etiquetes, Sigues el primer a etiquetar aquest registre!
Thư viện lưu trữ: Trung tâm Thư viện - Trường Đại học Công nghiệp TP. Hồ Chí Minh
LEADER 00770nam a2200169Ia 4500
001 UIH_02013
008 230809s9999 xx 000 0 und d
082 |a 660 
100 |a Nguyễn, Chí Hiếu 
245 0 |a Effecient removal of various dyes from aqueous solutions by photocatalysis processes over modified titanium dioxide Nanostructures : Doctoral Thesics- Major: Chemical and Material Engineering 
245 0 |c Nguyễn, Chí Hiếu 
260 |b Chang Gung University 
260 |c 2020 
650 |a Kỹ thuật hóa học;Luận án tiến sĩ; 
856 |u https://opac.iuh.edu.vn/TraCuuTaiLieuSo2XemChiTiet.aspx?Id=109905 
927 |a Luận văn 
980 |a Trung tâm Thư viện - Trường Đại học Công nghiệp TP. Hồ Chí Minh